[Event "VII Obert Internacional Alberic"]
[Site "Alberic, Spain"]
[Date "2019.06.29"]
[Round "5.8"]
[White "Vidal Maiques, Jose Antonio"]
[Black "Kovacevic, Slobodan"]
[Result "0-1"]
[WhiteElo "1761"]
[BlackElo "2243"]
[PlyCount "36"]
[EventDate "2019.??.??"]

1. e4 {[%emt 00:00:12]} 1... c5 {[%clk 00:06:40]  [%emt 00:00:17]} 2. c3 {
[%clk 00:07:04]  [%emt 00:00:03]} 2... e6 {[%clk 00:06:40]  [%emt 00:00:04]} 3.
d4 {[%clk 00:07:05]  [%emt 00:00:12]} 3... d5 {[%clk 00:06:42]} 4. e5 {
[%clk 00:07:01]} 4... Nc6 {[%clk 00:06:44]} 5. Bb5 {
[%clk 00:06:52]  [%emt 00:00:13]} 5... Qb6 {[%clk 00:06:44]  [%emt 00:00:03]}
6. Bxc6+ {[%clk 00:06:53]} 6... bxc6 {[%clk 00:06:46]} 7. f4 {
[%clk 00:06:50]  [%emt 00:00:06]} 7... a5 {[%clk 00:06:47]  [%emt 00:00:03]} 8.
Ne2 {[%clk 00:06:46]  [%emt 00:00:05]} 8... Ba6 {
[%clk 00:06:49]  [%emt 00:00:07]} 9. O-O {[%clk 00:06:46]  [%emt 00:00:03]}
9... cxd4 {[%clk 00:06:46]  [%emt 00:00:04]} 10. cxd4 {
[%clk 00:06:44]  [%emt 00:00:03]} 10... Nh6 {[%clk 00:06:22]  [%emt 00:00:25]}
11. Nbc3 {[%clk 00:05:16]  [%emt 00:01:41]} 11... Nf5 {[%clk 00:06:23]} 12. Rf3
{[%clk 00:03:45]  [%emt 00:01:25]} 12... h5 {[%clk 00:06:13]  [%emt 00:00:20]}
13. g3 {[%clk 00:03:17]  [%emt 00:00:26]} 13... Be7 {
[%clk 00:06:10]  [%emt 00:00:08]} 14. b3 {[%clk 00:03:17]  [%emt 00:00:09]}
14... O-O {[%clk 00:06:07]} 15. Na4 {[%clk 00:02:52]  [%emt 00:00:24]} 15...
Qa7 {[%clk 00:06:08]  [%emt 00:00:08]} 16. Bb2 {
[%clk 00:02:36]  [%emt 00:00:13]} 16... Bxe2 {[%clk 00:04:58]  [%emt 00:01:17]}
17. Qxe2 {[%clk 00:02:30]  [%emt 00:00:08]} 17... Nxd4 {
[%clk 00:04:59]  [%emt 00:00:03]} 18. Bxd4 {[%clk 00:02:04]  [%emt 00:00:37]}
18... Qxd4+ {[%emt 00:00:22]} 0-1

[Event "VII Obert Internacional Alberic"]
[Site "Alberic, Spain"]
[Date "2019.06.29"]
[Round "6.1"]
[White "Plaskett, H James"]
[Black "Cruz Lledo, Pablo"]
[Result "1-0"]
[WhiteElo "2417"]
[BlackElo "2442"]
[PlyCount "127"]
[EventDate "2019.??.??"]

1. c4 {[%clk 00:07:02]} 1... e6 {[%clk 00:07:05]} 2. Nc3 {[%clk 00:07:02]} 2...
d5 {[%clk 00:07:07]} 3. Nf3 {[%clk 00:07:02]} 3... a6 {[%clk 00:07:07]} 4. cxd5
{[%clk 00:06:46]  [%emt 00:00:46]} 4... exd5 {[%clk 00:07:08]} 5. d4 {
[%clk 00:06:46]} 5... c6 {[%clk 00:07:10]} 6. Bf4 {[%clk 00:06:45]} 6... Bd6 {
[%clk 00:07:11]} 7. Bg3 {[%clk 00:06:30]  [%emt 00:00:14]} 7... Ne7 {
[%clk 00:07:10]} 8. e3 {[%clk 00:06:28]  [%emt 00:00:15]} 8... Bf5 {
[%clk 00:07:08]} 9. Qb3 {[%clk 00:06:14]  [%emt 00:00:04]} 9... Ra7 {
[%clk 00:06:51]  [%emt 00:00:19]} 10. Be2 {[%clk 00:05:35]  [%emt 00:00:43]}
10... O-O {[%clk 00:06:51]  [%emt 00:00:03]} 11. O-O {
[%clk 00:05:34]  [%emt 00:00:04]} 11... Bxg3 {[%clk 00:06:40]  [%emt 00:00:11]}
12. hxg3 {[%clk 00:05:36]  [%emt 00:00:11]} 12... Nd7 {[%clk 00:06:37]} 13.
Rac1 {[%clk 00:05:30]  [%emt 00:00:07]} 13... h6 {
[%clk 00:06:22]  [%emt 00:00:15]} 14. Na4 {[%clk 00:05:21]  [%emt 00:00:34]}
14... Nc8 {[%clk 00:06:00]  [%emt 00:00:14]} 15. Qa3 {
[%clk 00:05:11]  [%emt 00:00:06]} 15... Ncb6 {[%clk 00:05:25]  [%emt 00:00:39]}
16. Nc5 {[%clk 00:04:46]} 16... Nxc5 {[%clk 00:05:25]  [%emt 00:01:01]} 17.
dxc5 {[%clk 00:04:37]  [%emt 00:00:03]} 17... Nd7 {[%clk 00:05:16]} 18. Nd4 {
[%clk 00:04:39]} 18... Bg6 {[%clk 00:05:12]  [%emt 00:00:04]} 19. b4 {
[%clk 00:04:36]} 19... Ra8 {[%clk 00:05:12]  [%emt 00:00:03]} 20. Qc3 {
[%clk 00:04:31]  [%emt 00:00:06]} 20... Re8 {[%clk 00:04:51]  [%emt 00:00:22]}
21. a4 {[%clk 00:04:31]  [%emt 00:00:35]} 21... Nf6 {[%clk 00:04:36]} 22. Bf3 {
[%clk 00:04:27]} 22... Qd7 {[%clk 00:04:15]  [%emt 00:00:20]} 23. b5 {
[%clk 00:04:17]  [%emt 00:00:27]} 23... axb5 {[%clk 00:04:16]} 24. axb5 {
[%clk 00:04:19]} 24... cxb5 {[%clk 00:04:06]  [%emt 00:00:10]} 25. Qb4 {
[%clk 00:04:07]  [%emt 00:00:08]} 25... Bd3 {[%clk 00:04:02]  [%emt 00:00:04]}
26. Rfd1 {[%clk 00:03:58]  [%emt 00:00:39]} 26... Bc4 {[%clk 00:04:03]} 27. Be2
{[%clk 00:03:42]  [%emt 00:00:12]} 27... Ra4 {[%clk 00:04:06]} 28. Qb1 {
[%clk 00:03:41]} 28... Ne4 {[%clk 00:03:54]} 29. Bf3 {
[%clk 00:03:19]  [%emt 00:00:23]} 29... Nxc5 {[%clk 00:02:04]  [%emt 00:02:03]}
30. Nxb5 {[%clk 00:03:14]  [%emt 00:00:03]} 30... Qe7 {
[%clk 00:01:17]  [%emt 00:00:47]} 31. Nc3 {[%clk 00:02:57]  [%emt 00:00:40]}
31... Ra3 {[%clk 00:00:38]  [%emt 00:00:23]} 32. Bxd5 {
[%clk 00:02:15]  [%emt 00:00:46]} 32... Qe5 {[%clk 00:00:33]  [%emt 00:00:07]}
33. Qb4 {[%clk 00:01:10]  [%emt 00:01:07]} 33... Rxc3 {
[%clk 00:00:06]  [%emt 00:00:39]} 34. Qxc3 {[%clk 00:01:03]  [%emt 00:00:04]}
34... Qxc3 {[%clk 00:00:07]  [%emt 00:00:03]} 35. Rxc3 {[%clk 00:01:04]} 35...
Bxd5 {[%clk 00:00:07]  [%emt 00:00:04]} 36. Rxd5 {
[%clk 00:01:01]  [%emt 00:00:04]} 36... Ne4 {[%clk 00:00:07]  [%emt 00:00:03]}
37. Rc4 {[%clk 00:00:53]  [%emt 00:00:12]} 37... g6 {
[%clk 00:00:08]  [%emt 00:00:15]} 38. Rdd4 {[%clk 00:00:46]  [%emt 00:00:07]}
38... f5 {[%clk 00:00:05]} 39. Rc7 {[%clk 00:00:46]  [%emt 00:00:04]} 39... Ra8
{[%clk 00:00:07]} 40. Rxb7 {[%clk 00:00:39]  [%emt 00:00:06]} 40... g5 {
[%clk 00:00:09]  [%emt 00:00:04]} 41. Rd1 {[%clk 00:00:39]} 41... g4 {
[%clk 00:00:06]  [%emt 00:00:11]} 42. Rc7 {[%clk 00:00:32]  [%emt 00:00:04]}
42... Rb8 {[%clk 00:00:08]  [%emt 00:00:04]} 43. Re7 {
[%clk 00:00:25]  [%emt 00:00:04]} 43... Nc3 {[%clk 00:00:06]  [%emt 00:00:11]}
44. Ra1 {[%clk 00:00:25]  [%emt 00:00:04]} 44... Ne4 {
[%clk 00:00:04]  [%emt 00:00:04]} 45. Re5 {[%clk 00:00:26]} 45... Nd6 {
[%clk 00:00:06]  [%emt 00:00:03]} 46. Rd1 {[%clk 00:00:27]} 46... Rb6 {
[%clk 00:00:07]  [%emt 00:00:03]} 47. Re6 {[%clk 00:00:28]} 47... Nc4 {
[%clk 00:00:06]  [%emt 00:00:04]} 48. Rxb6 Nxb6 {[%clk 00:00:08]} 49. Rd6 {
[%clk 00:00:31]} 49... Nc4 {[%clk 00:00:09]  [%emt 00:00:04]} 50. Rd5 {
[%clk 00:00:32]} 50... Kg7 {[%clk 00:00:07]  [%emt 00:00:03]} 51. Rxf5 {
[%clk 00:00:34]} 51... Nd6 {[%clk 00:00:08]  [%emt 00:00:04]} 52. Rd5 {
[%clk 00:00:34]  [%emt 00:00:08]} 52... Ne4 {[%clk 00:00:10]} 53. Rd4 {
[%clk 00:00:36]} 53... Nf6 {[%clk 00:00:12]} 54. e4 {[%clk 00:00:38]} 54... h5
{[%clk 00:00:14]} 55. Kf1 {[%clk 00:00:40]} 55... Kf7 {
[%clk 00:00:16]  [%emt 00:00:08]} 56. Ke2 {[%clk 00:00:42]} 56... Ke6 {
[%clk 00:00:18]} 57. Ke3 {[%clk 00:00:44]} 57... Ke5 {
[%clk 00:00:20]  [%emt 00:00:07]} 58. Ra4 {[%clk 00:00:46]} 58... Ke6 {
[%clk 00:00:21]} 59. Ra5 {[%clk 00:00:48]} 59... Ke7 {[%clk 00:00:20]} 60. Ra7+
{[%clk 00:00:49]} 60... Ke6 {[%clk 00:00:22]} 61. Ra6+ {
[%clk 00:00:51]  [%emt 00:00:04]} 61... Ke5 {[%clk 00:00:24]} 62. Rxf6 {
[%clk 00:00:53]  [%emt 00:00:07]} 62... Kxf6 {[%clk 00:00:26]} 63. Kf4 {
[%clk 00:00:54]} 63... Ke6 {[%clk 00:00:27]} 64. Kg5 {[%clk 00:00:56]} 1-0

[Event "VII Obert Internacional Alberic"]
[Site "Alberic, Spain"]
[Date "2019.06.29"]
[Round "6.2"]
[White "Fenollar Jorda, Manuel"]
[Black "Granero Roca, Antonio"]
[Result "0-1"]
[WhiteElo "2345"]
[BlackElo "2370"]
[PlyCount "94"]
[EventDate "2019.??.??"]

1. d4 {[%clk 00:07:05]} 1... Nf6 {[%clk 00:07:05]  [%emt 00:00:05]} 2. Nf3 {
[%clk 00:07:06]} 2... g6 {[%clk 00:07:07]  [%emt 00:00:04]} 3. c4 {
[%clk 00:07:08]} 3... Bg7 {[%clk 00:07:08]} 4. Nc3 {
[%clk 00:07:11]  [%emt 00:00:08]} 4... d6 {[%clk 00:07:10]} 5. e4 {
[%clk 00:07:12]} 5... O-O {[%clk 00:07:11]} 6. h3 {
[%clk 00:07:13]  [%emt 00:00:04]} 6... c5 {[%clk 00:07:12]} 7. Be3 {
[%clk 00:07:12]} 7... cxd4 {[%clk 00:07:14]  [%emt 00:00:09]} 8. Nxd4 {
[%clk 00:07:12]} 8... Nc6 {[%clk 00:07:16]} 9. Qc2 {
[%clk 00:07:00]  [%emt 00:00:16]} 9... Nxd4 {[%clk 00:07:13]  [%emt 00:00:05]}
10. Bxd4 {[%clk 00:07:01]  [%emt 00:00:05]} 10... Be6 {[%clk 00:07:14]} 11. Be2
{[%clk 00:06:23]  [%emt 00:00:36]} 11... Qa5 {[%clk 00:07:15]  [%emt 00:00:06]}
12. O-O {[%clk 00:05:50]  [%emt 00:00:32]} 12... Rac8 {
[%clk 00:06:58]  [%emt 00:00:19]} 13. b3 {[%clk 00:05:19]  [%emt 00:00:35]}
13... a6 {[%clk 00:06:55]  [%emt 00:00:06]} 14. Qd3 {
[%clk 00:05:08]  [%emt 00:00:15]} 14... Nd7 {[%clk 00:06:39]  [%emt 00:00:18]}
15. f4 {[%clk 00:04:43]  [%emt 00:00:29]} 15... Nc5 {
[%clk 00:06:27]  [%emt 00:00:14]} 16. Qe3 {[%clk 00:04:41]  [%emt 00:00:08]}
16... Bxd4 {[%clk 00:05:44]  [%emt 00:00:43]} 17. Qxd4 {
[%clk 00:04:42]  [%emt 00:00:05]} 17... f6 {[%clk 00:05:42]  [%emt 00:00:05]}
18. Rab1 {[%clk 00:03:39]  [%emt 00:01:06]} 18... Nd7 {
[%clk 00:05:38]  [%emt 00:00:04]} 19. Bg4 {[%clk 00:03:13]  [%emt 00:00:28]}
19... Bxg4 {[%clk 00:05:13]  [%emt 00:00:28]} 20. hxg4 {[%clk 00:03:15]} 20...
Qc5 {[%clk 00:05:09]  [%emt 00:00:11]} 21. Qxc5 {
[%clk 00:02:39]  [%emt 00:00:37]} 21... Nxc5 {[%clk 00:05:10]  [%emt 00:00:05]}
22. Rbd1 {[%clk 00:02:36]  [%emt 00:00:05]} 22... Kf7 {
[%clk 00:04:52]  [%emt 00:00:19]} 23. Rd5 {[%clk 00:02:34]  [%emt 00:00:05]}
23... Ne6 {[%clk 00:04:41]  [%emt 00:00:14]} 24. Rd3 {
[%clk 00:01:59]  [%emt 00:00:38]} 24... Rc5 {[%clk 00:04:18]  [%emt 00:00:27]}
25. g3 {[%clk 00:01:54]  [%emt 00:00:07]} 25... Rfc8 {
[%clk 00:04:17]  [%emt 00:00:11]} 26. Na4 {[%clk 00:01:30]  [%emt 00:00:21]}
26... R5c6 {[%clk 00:04:12]  [%emt 00:00:11]} 27. Rfd1 {
[%clk 00:01:13]  [%emt 00:00:16]} 27... b5 {[%clk 00:04:08]  [%emt 00:00:06]}
28. Nb2 {[%clk 00:01:14]  [%emt 00:00:06]} 28... g5 {
[%clk 00:04:02]  [%emt 00:00:06]} 29. Rf1 {[%clk 00:00:49]  [%emt 00:00:29]}
29... Nc5 {[%clk 00:03:45]  [%emt 00:00:24]} 30. Re3 {[%clk 00:00:47]} 30...
gxf4 {[%clk 00:03:47]  [%emt 00:00:05]} 31. gxf4 {[%clk 00:00:49]} 31... Rg8 {
[%clk 00:03:48]  [%emt 00:00:04]} 32. g5 {[%clk 00:00:50]} 32... Ke6 {
[%clk 00:03:14]  [%emt 00:00:39]} 33. Kf2 {[%clk 00:00:29]  [%emt 00:00:24]}
33... fxg5 {[%clk 00:03:15]} 34. fxg5 {[%clk 00:00:28]  [%emt 00:00:04]} 34...
Rxg5 {[%clk 00:03:12]  [%emt 00:00:14]} 35. Rh1 {[%clk 00:00:26]} 35... h5 {
[%clk 00:03:11]} 36. Rd1 {[%clk 00:00:26]  [%emt 00:00:09]} 36... Rc8 {
[%clk 00:03:10]} 37. Rd4 {[%clk 00:00:18]  [%emt 00:00:13]} 37... Rf8+ {
[%clk 00:03:10]} 38. Rf3 {[%clk 00:00:20]} 38... Rfg8 {
[%clk 00:03:02]  [%emt 00:00:14]} 39. Nd3 {[%clk 00:00:10]  [%emt 00:00:09]}
39... Nxd3+ {[%clk 00:02:44]  [%emt 00:00:54]} 40. Rdxd3 {
[%clk 00:00:08]  [%emt 00:00:05]} 40... bxc4 {[%clk 00:02:45]} 41. bxc4 {
[%clk 00:00:08]} 41... Rg2+ {[%clk 00:02:47]} 42. Ke3 {[%clk 00:00:11]} 42...
Rxa2 {[%clk 00:02:45]  [%emt 00:00:09]} 43. Rd5 {[%clk 00:00:11]} 43... h4 {
[%clk 00:02:39]} 44. Rh5 Rg3 {[%clk 00:02:37]} 45. Rh6+ {[%clk 00:00:05]} 45...
Kd7 {[%clk 00:02:38]} 46. Kf4 {[%clk 00:00:06]  [%emt 00:00:09]} 46... Rxf3+ {
[%clk 00:02:38]} 47. Kxf3 {[%clk 00:00:08]} 47... h3 {[%clk 00:02:39]} 0-1

[Event "VII Obert Internacional Alberic"]
[Site "Alberic, Spain"]
[Date "2019.06.29"]
[Round "6.3"]
[White "Garcia, Jhoel"]
[Black "Mengual Bolo, Carles"]
[Result "1-0"]
[WhiteElo "2290"]
[BlackElo "2097"]
[PlyCount "143"]
[EventDate "2019.??.??"]

1. d4 {[%clk 00:07:03]} 1... d5 {[%clk 00:07:05]} 2. c4 {[%clk 00:07:03]} 2...
c6 {[%clk 00:07:07]} 3. Nf3 {[%clk 00:07:04]} 3... Nf6 {[%clk 00:07:10]} 4. Nc3
{[%clk 00:06:58]} 4... g6 {[%clk 00:07:11]  [%emt 00:00:07]} 5. g3 {
[%clk 00:06:39]  [%emt 00:00:14]} 5... Bg7 {[%clk 00:07:13]  [%emt 00:00:09]}
6. Bg2 {[%clk 00:06:41]} 6... O-O {[%clk 00:07:14]  [%emt 00:00:09]} 7. O-O {
[%clk 00:06:42]} 7... e6 {[%clk 00:07:01]  [%emt 00:00:05]} 8. b3 {
[%clk 00:06:37]  [%emt 00:00:15]} 8... b6 {[%clk 00:07:03]} 9. Bb2 {
[%clk 00:06:11]  [%emt 00:00:46]} 9... Bb7 {[%clk 00:07:03]} 10. Rc1 {
[%clk 00:05:40]  [%emt 00:00:17]} 10... Nbd7 {[%clk 00:07:03]  [%emt 00:00:03]}
11. Re1 {[%clk 00:05:38]  [%emt 00:00:04]} 11... c5 {
[%clk 00:06:13]  [%emt 00:00:54]} 12. dxc5 {[%clk 00:04:56]  [%emt 00:00:47]}
12... Nxc5 {[%clk 00:06:06]  [%emt 00:00:07]} 13. b4 {
[%clk 00:04:53]  [%emt 00:00:12]} 13... Nce4 {[%clk 00:05:54]  [%emt 00:00:09]}
14. Nxe4 {[%clk 00:04:54]  [%emt 00:00:08]} 14... Nxe4 {
[%clk 00:05:22]  [%emt 00:00:26]} 15. Bxg7 {[%clk 00:04:54]  [%emt 00:00:35]}
15... Kxg7 {[%clk 00:05:24]} 16. Nd2 {[%clk 00:04:01]  [%emt 00:00:35]} 16...
Nf6 {[%clk 00:05:05]  [%emt 00:00:14]} 17. Nb3 {
[%clk 00:03:42]  [%emt 00:00:20]} 17... Rb8 {[%clk 00:04:50]  [%emt 00:00:21]}
18. c5 {[%clk 00:03:42]  [%emt 00:00:09]} 18... bxc5 {[%clk 00:04:49]} 19. Nxc5
{[%clk 00:03:44]  [%emt 00:00:03]} 19... Bc6 {[%clk 00:04:39]  [%emt 00:00:07]}
20. Qd4 {[%clk 00:03:35]  [%emt 00:00:22]} 20... Qe7 {
[%clk 00:03:46]  [%emt 00:00:46]} 21. a3 {[%clk 00:03:05]  [%emt 00:00:33]}
21... e5 {[%clk 00:03:46]  [%emt 00:00:07]} 22. Qd2 {
[%clk 00:03:07]  [%emt 00:00:07]} 22... Ba8 {[%clk 00:03:41]} 23. e3 {
[%clk 00:02:55]  [%emt 00:00:13]} 23... Rfd8 {[%clk 00:03:35]  [%emt 00:00:25]}
24. Qc3 {[%clk 00:02:47]} 24... Qd6 {[%clk 00:03:21]  [%emt 00:00:16]} 25. Qa1
{[%clk 00:02:35]  [%emt 00:00:12]} 25... Kg8 {[%clk 00:03:12]  [%emt 00:00:13]}
26. Red1 {[%clk 00:02:34]  [%emt 00:00:04]} 26... Rbc8 {
[%clk 00:02:53]  [%emt 00:00:21]} 27. Nd3 {[%clk 00:02:17]  [%emt 00:00:22]}
27... d4 {[%clk 00:02:49]  [%emt 00:00:06]} 28. Bxa8 {
[%clk 00:02:15]  [%emt 00:00:05]} 28... Rxa8 {[%clk 00:02:49]  [%emt 00:00:08]}
29. Nc5 {[%clk 00:02:15]} 29... Qd5 {[%clk 00:02:20]  [%emt 00:00:49]} 30. exd4
{[%clk 00:02:07]  [%emt 00:00:03]} 30... exd4 {[%clk 00:02:21]} 31. Qb2 {
[%clk 00:01:42]  [%emt 00:00:20]} 31... Ne4 {[%clk 00:02:11]  [%emt 00:00:11]}
32. Nxe4 {[%clk 00:01:37]  [%emt 00:00:36]} 32... Qxe4 {[%clk 00:02:13]} 33.
Rc4 {[%clk 00:01:35]} 33... Rac8 {[%clk 00:01:33]  [%emt 00:01:30]} 34. Rcxd4 {
[%clk 00:01:34]} 34... Rxd4 {[%clk 00:01:32]} 35. Qxd4 {[%clk 00:01:35]} 35...
Qxd4 {[%clk 00:01:20]} 36. Rxd4 {[%clk 00:01:37]} 36... Rc3 {[%clk 00:01:23]}
37. a4 {[%clk 00:01:34]} 37... Ra3 {[%clk 00:01:22]} 38. a5 {[%clk 00:01:35]}
38... Rb3 {[%clk 00:01:15]} 39. Kg2 {[%clk 00:01:31]} 39... Kg7 {
[%clk 00:01:17]} 40. h4 {[%clk 00:01:31]} 40... h5 {
[%clk 00:01:19]  [%emt 00:00:03]} 41. Rd7 {[%clk 00:01:29]} 41... Rxb4 {
[%clk 00:01:18]  [%emt 00:00:15]} 42. Rxa7 {[%clk 00:01:31]} 42... Rb3 {
[%clk 00:01:18]} 43. Kf1 {[%clk 00:01:26]} 43... Rb2 {[%clk 00:01:20]} 44. Ke1
{[%clk 00:01:28]} 44... Ra2 {[%clk 00:01:21]} 45. Ra8 {
[%clk 00:01:28]  [%emt 00:00:07]} 45... f6 {[%clk 00:01:15]  [%emt 00:00:04]}
46. a6 {[%clk 00:01:30]  [%emt 00:00:03]} 46... g5 {
[%clk 00:01:14]  [%emt 00:00:03]} 47. Kf1 {[%clk 00:01:15]  [%emt 00:00:15]}
47... Kh7 {[%clk 00:00:39]  [%emt 00:00:37]} 48. Kg2 {
[%clk 00:01:10]  [%emt 00:00:11]} 48... Kg7 {[%clk 00:00:42]  [%emt 00:00:04]}
49. a7 {[%clk 00:01:07]  [%emt 00:00:07]} 49... Ra3 {[%clk 00:00:43]} 50. Kf1 {
[%clk 00:01:06]  [%emt 00:00:04]} 50... Ra2 {[%clk 00:00:45]} 51. Ke1 {
[%clk 00:01:08]  [%emt 00:00:03]} 51... Kh7 {[%clk 00:00:46]} 52. Kd1 {
[%clk 00:01:06]  [%emt 00:00:04]} 52... Kg7 {[%clk 00:00:35]  [%emt 00:00:11]}
53. Kc1 {[%clk 00:01:06]  [%emt 00:00:29]} 53... gxh4 {[%clk 00:00:32]} 54.
gxh4 {[%clk 00:01:08]} 54... Kh7 {[%clk 00:00:34]} 55. Kb1 {
[%clk 00:01:10]  [%emt 00:00:05]} 55... Ra6 {[%clk 00:00:34]} 56. Kb2 {
[%clk 00:01:10]} 56... Kg7 {[%clk 00:00:19]  [%emt 00:00:06]} 57. Kb3 {
[%clk 00:01:11]  [%emt 00:00:04]} 57... Ra1 {[%clk 00:00:20]} 58. Kc3 {
[%clk 00:01:11]  [%emt 00:00:04]} 58... Ra3+ {[%clk 00:00:21]} 59. Kb4 {
[%clk 00:01:11]  [%emt 00:00:04]} 59... Ra1 {[%clk 00:00:23]} 60. Kb5 {
[%clk 00:01:09]  [%emt 00:00:19]} 60... Rb1+ {[%clk 00:00:24]} 61. Kc6 {
[%clk 00:01:10]} 61... Ra1 {[%clk 00:00:26]} 62. Kd6 {[%clk 00:01:05]} 62...
Ra6+ {[%clk 00:00:25]  [%emt 00:00:04]} 63. Ke7 {
[%clk 00:01:03]  [%emt 00:00:03]} 63... Ra2 {[%clk 00:00:25]  [%emt 00:00:03]}
64. Ke6 {[%clk 00:01:04]  [%emt 00:00:04]} 64... Ra5 {
[%clk 00:00:26]  [%emt 00:00:08]} 65. Rd8 {[%clk 00:00:38]  [%emt 00:00:22]}
65... Ra6+ {[%clk 00:00:21]  [%emt 00:00:05]} 66. Rd6 {
[%clk 00:00:36]  [%emt 00:00:21]} 66... Rxa7 67. Rd7+ {[%clk 00:00:39]} 67...
Rxd7 {[%clk 00:00:25]} 68. Kxd7 {[%clk 00:00:41]} 68... Kf7 {
[%clk 00:00:17]  [%emt 00:00:08]} 69. Kd6 {[%clk 00:00:40]} 69... Kg6 {
[%clk 00:00:18]  [%emt 00:00:04]} 70. Ke6 {[%clk 00:00:41]} 70... Kg7 {
[%clk 00:00:17]  [%emt 00:00:04]} 71. f3 {[%clk 00:00:36]  [%emt 00:00:04]}
71... Kg6 {[%clk 00:00:15]  [%emt 00:00:09]} 72. f4 {
[%clk 00:00:35]  [%emt 00:00:03]} 1-0

[Event "VII Obert Internacional Alberic"]
[Site "Alberic, Spain"]
[Date "2019.06.29"]
[Round "6.4"]
[White "Pedros Viudes, Enrique"]
[Black "Martinez Villena, David"]
[Result "1-0"]
[WhiteElo "2113"]
[BlackElo "2029"]
[PlyCount "65"]
[EventDate "2019.??.??"]

1. d4 {[%clk 00:07:04]} 1... Nf6 {[%clk 00:07:05]} 2. Nc3 {[%clk 00:07:06]}
2... d5 {[%clk 00:06:59]} 3. Bf4 {[%clk 00:07:07]} 3... c6 {
[%clk 00:06:00]  [%emt 00:01:05]} 4. e3 {[%clk 00:07:08]} 4... Bf5 {
[%clk 00:05:59]  [%emt 00:00:07]} 5. Be2 {[%clk 00:07:10]} 5... e6 {
[%clk 00:05:49]  [%emt 00:00:06]} 6. h4 {[%clk 00:07:11]  [%emt 00:00:04]} 6...
Bd6 {[%clk 00:05:39]  [%emt 00:00:10]} 7. g4 {[%clk 00:07:07]  [%emt 00:00:07]}
7... Bxf4 {[%clk 00:04:46]  [%emt 00:00:59]} 8. exf4 {
[%clk 00:07:07]  [%emt 00:00:03]} 8... Be4 {[%clk 00:04:40]  [%emt 00:00:07]}
9. f3 {[%clk 00:07:06]  [%emt 00:00:05]} 9... Nxg4 {
[%clk 00:04:38]  [%emt 00:00:04]} 10. fxe4 {[%clk 00:07:00]  [%emt 00:00:09]}
10... Ne3 {[%clk 00:04:28]  [%emt 00:00:11]} 11. Qd2 {
[%clk 00:06:56]  [%emt 00:00:14]} 11... Ng2+ {[%clk 00:04:26]  [%emt 00:00:12]}
12. Kf2 {[%clk 00:06:57]} 12... Nxh4 {[%clk 00:04:27]} 13. Nf3 {[%clk 00:06:52]
} 13... Nxf3 {[%clk 00:04:12]  [%emt 00:00:34]} 14. Bxf3 {[%clk 00:06:51]}
14... Nd7 {[%clk 00:03:57]  [%emt 00:00:06]} 15. e5 {
[%clk 00:06:11]  [%emt 00:00:41]} 15... Nb6 {[%clk 00:03:49]  [%emt 00:00:42]}
16. b3 {[%clk 00:06:03]} 16... Nc8 {[%clk 00:03:50]} 17. Qd3 {[%clk 00:05:58]}
17... g6 {[%clk 00:03:51]} 18. Na4 {[%clk 00:05:04]  [%emt 00:00:59]} 18... Ne7
{[%clk 00:03:44]  [%emt 00:00:06]} 19. c4 {[%clk 00:04:53]  [%emt 00:00:09]}
19... Nf5 {[%clk 00:03:17]  [%emt 00:00:29]} 20. cxd5 {
[%clk 00:04:42]  [%emt 00:00:47]} 20... cxd5 {[%clk 00:03:17]} 21. Bg4 {
[%clk 00:04:34]} 21... Ng7 {[%clk 00:03:12]} 22. Qb5+ {
[%clk 00:04:04]  [%emt 00:00:46]} 22... Qd7 {[%clk 00:03:14]} 23. Qxd7+ {
[%clk 00:03:53]  [%emt 00:00:04]} 23... Kxd7 {[%clk 00:03:15]} 24. Nc5+ {
[%clk 00:03:49]  [%emt 00:00:03]} 24... Kc6 {[%clk 00:02:43]  [%emt 00:00:28]}
25. Rhc1 {[%clk 00:03:51]  [%emt 00:00:31]} 25... Kb6 {[%clk 00:02:45]} 26.
Na4+ {[%clk 00:03:47]  [%emt 00:00:04]} 26... Ka6 {[%clk 00:02:44]} 27. Rc7 {
[%clk 00:03:38]} 27... b5 {[%clk 00:02:29]  [%emt 00:00:07]} 28. Nc5+ {
[%clk 00:03:33]  [%emt 00:00:34]} 28... Kb6 {[%clk 00:02:30]} 29. Rxf7 {
[%clk 00:03:34]  [%emt 00:00:03]} 29... Nf5 {[%clk 00:02:19]} 30. Bxf5 {
[%clk 00:03:32]  [%emt 00:00:04]} 30... exf5 {[%clk 00:01:49]  [%emt 00:00:23]}
31. Rc1 {[%clk 00:03:24]  [%emt 00:00:20]} 31... h5 {
[%clk 00:01:34]  [%emt 00:00:10]} 32. Rf6+ {[%clk 00:02:34]  [%emt 00:00:53]}
32... Ka5 {[%clk 00:01:36]} 33. a3 {[%emt 00:00:55]} 1-0